Statistiques concernant Devinez le Pays Mystère #39

Cliquez ici pour prendre le quiz!

Statistiques générales

  • Ce quiz a été pris 415 fois
  • Le résultat moyen est 8 sur 17

Statistiques - réponses

Type de RéponseRéponse% Correct
Lettre TrouvéeA
97%
Lettre TrouvéeE
96%
Lettre TrouvéeI
96%
Lettre TrouvéeN
85%
Lettre TrouvéeT
75%
Lettre TrouvéeS
48%
Lettre TrouvéeI
42%
Lettre Bien PlacéeA
39%
Lettre Bien PlacéeE
29%
Lettre Bien PlacéeI
25%
Lettre Bien PlacéeT
25%
Lettre Bien PlacéeN
24%
Lettre TrouvéeW
23%
Pays MystèreEswatini
21%
Lettre Bien PlacéeI
21%
Lettre Bien PlacéeS
21%
Lettre Bien PlacéeW
21%

Distribution des résultats

Percentile par nombre de réponses

% des personnes avec chaque résultat

Votre développement - résultats

Vous n’avez pas pris ce quiz